000 00947cam a22001814a 4500
005 20250605164402.0
008 250528s ||||||||||||||||||||||||d
035 _a24616
040 _aGR-AtMCL
_bgre
_dGR-AtMCL
_eAACR2
245 1 _aΨηφιακές Δεξιότητες / Η Εκπαίδευση δεν Προλαβαίνει την Τεχνολογία. Τι Κάνουμε;
260 _c2020
300 _a34
520 _aΟι Άνθρωποι των Βιβλιοθηκών πρέπει να Επικοινωνούν Μεταξύ τους, Η Θέση των Γυναικών στην Επιστήμη έχει Ενισχυθεί Δυναμικά τα Τελευταία Χρόνια, Η Υπερβολική Ταχύτητα στην Παραγωγή Επιστημονικής Πληροφορίας Κρύβει Παγίδες.
700 1 _aΣαχίνη Εύη
_99352
942 _cCR
999 _c9485
_d9485